000 00579nam a2200229Ia 4500
003 OSt
005 20220923224845.0
006 a|||||r|||| 00| 0
007 ta
008 220922b |||||||| |||| 00| 0 hin d
024 _a252,371
037 _cTextual
040 _aARTS
_cARTS
_bhin
041 _2hin
_ahin
082 _aO152,3M88x, G0
245 0 _aअन्तस्तल
246 _aAntastala
260 _c1960
650 _aहिन्दी साहित्य
_9156264
942 _hO152,3M88x, G0
_cTEXL
_2CC
999 _c374158
_d374158